书目信息 |
| 题名: |
现代大学英语精读5
|
|
| 作者: | 杨立民总 主编 ;梅仁毅 主编 | |
| 分册: | ||
| 出版信息: | 北京 外语教学与研究出版社 2002.08 |
|
| 页数: | 235页 | |
| 开本: | 24cm | |
| 丛书名: | ||
| 单 册: | ||
| 中图分类: | H31 | |
| 科图分类: | ||
| 主题词: | 英语 | |
| 电子资源: | ||
| ISBN: | 7-5600-2980-9 | |
| 000 | 00668nam0 2200205 450 | |
| 001 | 0856366887 | |
| 005 | 20201028093705.91 | |
| 010 | @a7-5600-2980-9@dCNY17.90 | |
| 100 | @a20081027d2002 km y0chiy0120 ea | |
| 101 | 0 | @achi |
| 102 | @aCN@b110000 | |
| 200 | 1 | @a现代大学英语精读5@Axian dai da xue ying yu jing du 5@f杨立民总主编;梅仁毅主编@Fyang li min zong zhu bian;mei ren yi zhu bian |
| 210 | @a北京@c外语教学与研究出版社@d2002.08 | |
| 215 | @a235页@d24cm | |
| 606 | 0 | @a英语 |
| 690 | @aH31@v4 | |
| 701 | 0 | @a杨立民总@Ayang li min zong@4主编 |
| 702 | 0 | @a梅仁毅@Amei ren yi@4主编 |
| 801 | 0 | @aCN@b大连网信软件有限公司图书馆·11@c20110328 |
| 905 | @aZUCC@dH31@eY2243 | |
| 现代大学英语精读5/杨立民总主编;梅仁毅主编.-北京:外语教学与研究出版社,2002.08 |
| 235页;24cm |
| ISBN 7-5600-2980-9:CNY17.90 |
| ● |
| 相关链接 |
|
|
|
正题名:现代大学英语精读5
索取号:H31/Y2243
 
预约/预借
| 序号 | 登录号 | 条形码 | 馆藏地/架位号 | 状态 | 备注 |
| 1 | 1499543 | 214995433 | 语言库209/209语言库 89排1列6层/ [索取号:H31/Y2243] | 在馆 | |
| 2 | 459743 | 204597436 | 语言库209/209语言库 89排1列6层/ [索取号:H31/Y2243] | 在馆 | |
| 3 | 462710 | 204627109 | 语言库209/209语言库 89排1列6层/ [索取号:H31/Y2243] | 在馆 | |
| 4 | 462711 | 204627118 | 语言库209/209语言库 89排1列6层/ [索取号:H31/Y2243] | 在馆 | |
| 5 | 462712 | 204627127 | 语言库209/ [索取号:H31/Y2243] | 在馆 |